Polskie rzeki na 6 liter. - Statystyki

Ogólne statystyki
  • Ten quiz został rozwiązany 46 razy
  • Średni wynik to 5 z 11
Statystyki odpowiedzi
Długość Rzeka % Poprawnych
303 km Wieprz
85%
319 km Pilica
75%
205 km Wisłok
73%
217 km Prosna
58%
207 km Drwęca
48%
139 km Barycz
38%
138 km Słupia
25%
109 km Widawa
23%
142 km Liwiec
15%
100 km Nurzec
13%
127 km Omulew
13%
Nie znaleziono quizów pasujących do podanych kryteriów
Rozkład punktacji
Procent ludzi z każdym wynikiem
Percentyl według liczby udzielonych odpowiedzi
Twoja historia wyników
Nie rozwiązałeś tego quizu